000 00756nam a2200217Ia 4500
003 GCL
008 140319s9999 xx 000 0 ara d
040 _aGCL /
_cGCL
082 0 4 _a370.1173
_bت ا
100 1 _aهنرى تشونسى
245 1 0 _aاحاديث عن التعليم فى امريكا /
_cهنرى تشونسى
700 1 _aليلى اللبابيدى (مترجم)
700 1 _aحامد عمار
260 _aالقاهرة :
_bمكتبة النهضة المصرية
300 _a219 ص ؛
_c24 سم
490 _a
650 0 4 _aالولايات المتحدة الامريكية
650 0 4 _aالتعليم - الولايات المتحدة الامريكية
650 0 4 _aالمجتمع الامريكى
942 _2ddc
_cBK
999 _c53265
_d53265